
Library Catalogue

| 000 -LEADER | |
|---|---|
| fixed length control field | 01445nam a2200217Ia 4500 |
| 003 - CONTROL NUMBER IDENTIFIER | |
| control field | OSt |
| 005 - DATE AND TIME OF LATEST TRANSACTION | |
| control field | 20210911104942.0 |
| 008 - FIXED-LENGTH DATA ELEMENTS--GENERAL INFORMATION | |
| fixed length control field | 160316s2001 xxu||||| |||| 00| 0 eng d |
| 020 ## - INTERNATIONAL STANDARD BOOK NUMBER | |
| International Standard Book Number | 9788121207140 |
| 040 ## - CATALOGING SOURCE | |
| Transcribing agency | N |
| 082 ## - DEWEY DECIMAL CLASSIFICATION NUMBER | |
| Classification number | 307.760000 |
| Item number | BHA |
| 100 ## - MAIN ENTRY--PERSONAL NAME | |
| Personal name | Bhargava Gopal |
| 245 ## - TITLE STATEMENT | |
| Title | Development of India's urban rural and regional planning in 21st century : Policy perspective |
| 260 ## - PUBLICATION, DISTRIBUTION, ETC. | |
| Place of publication, distribution, etc. | New Delhi |
| Name of publisher, distributor, etc. | Gyan Publishing House |
| Date of publication, distribution, etc. | 2001 |
| 300 ## - PHYSICAL DESCRIPTION | |
| Extent | 309p |
| 365 ## - TRADE PRICE | |
| Price amount | Rs.600 |
| 505 ## - FORMATTED CONTENTS NOTE | |
| Formatted contents note | Content:<br/>Foreword;<br/>Preface;<br/>Urban Planning scenario for 21St Century Policy Framework;<br/>Housing Plan For The Masses Innovative Techniques And Policy Perspective;<br/>Urban Slums And Squatter Settlements Planning And Policy Issues;<br/>Urban Environmental Challenges Action Plan;<br/>Urban Informal Sector: Case Studies;<br/>Urban Land Ceiling Act, 1976 Amendments And Repercussions;<br/>Master Plan Approach For Urban Development Strategy For Regulatory Controls;<br/>Rural Development And Growth Centre Planning Case Studies And Policy Issues;<br/>Developing The Small And Medium Towns Settlements: Planning And Policy Options;<br/>National Capital Regional Plan Problems And Prospects;<br/>Regional Planning And Development Policy Perspective;<br/>Bibliography;<br/>Index |
| 650 ## - SUBJECT ADDED ENTRY--TOPICAL TERM | |
| Topical term or geographic name entry element | 1. Urban Development - Planning - India - 21st Century2. Regional Development - Planning - india - 21st Century3. Rural Development - Planning - India |
| 700 ## - ADDED ENTRY--PERSONAL NAME | |
| Personal name | |
| -- | |
| 942 ## - ADDED ENTRY ELEMENTS (KOHA) | |
| Source of classification or shelving scheme | Dewey Decimal Classification |
| Koha item type | BOOKs |
| Withdrawn status | Lost status | Damaged status | Not for loan | Home library | Current library | Shelving location | Date acquired | Cost, normal purchase price | Total Checkouts | Full call number | Barcode | Date last seen | Price effective from | Koha item type |
|---|---|---|---|---|---|---|---|---|---|---|---|---|---|---|
| . | . | 30.05.2017 | 600.00 | 307.76 BHA | 16722 | 14.06.2024 | 30.05.2017 | BOOKs |